书目信息 |
| 题名: |
环境与健康
|
|
| 作者: | 吴沈春 主编 | |
| 分册: | ||
| 出版信息: | 北京 人民卫生出版社 1982 |
|
| 页数: | 445页 | |
| 开本: | 19cm | |
| 丛书名: | ||
| 单 册: | ||
| 中图分类: | R12 | |
| 科图分类: | ||
| 主题词: | 环境卫生 , 健康教育 | |
| 电子资源: | ||
| ISBN: | ||
| 000 | 00605nam0 2200241 45 | |
| 001 | 1534721354 | |
| 005 | 20150131093900.40 | |
| 010 | @dCNY1.15 | |
| 091 | @aCN@b14048.4232 | |
| 100 | @a19950531d1982 em y0chiy0121 ea | |
| 101 | 0 | @achi |
| 102 | @aCN@b110000 | |
| 105 | @ay z 000yy | |
| 200 | 10 | @a环境与健康@Ahuan jing yu jian kang@f吴沈春主编 |
| 210 | @a北京@c人民卫生出版社@d1982 | |
| 215 | @a445页@d19cm | |
| 606 | @a环境卫生 | |
| 606 | @a健康教育 | |
| 690 | @aR12@v3 | |
| 701 | 0 | @a吴沈春@Awu shen chun@4主编 |
| 801 | 0 | @aCN@bTSSF@c20150131 |
| 801 | 2 | @aCN@bNLC |
| 905 | @aZUCC@dR12@eJY37 | |
| 环境与健康/吴沈春主编.-北京:人民卫生出版社,1982 |
| 445页;19cm |
| ISBN :CNY1.15 |
| ● |
| 相关链接 |
|
|
|
|
正题名:环境与健康
索取号:R12/JY37
 
预约/预借
| 序号 | 登录号 | 条形码 | 馆藏地/架位号 | 状态 | 备注 |
| 1 | 7863089 | 278630894 | 学院路分馆/ [索取号:R12/JY37] | 在馆 |